000 00401cam a2200157ua 4500
041 _aeng
_h
082 _a828.09
_bSUI/OX
100 _aSutherland, James .
245 0 0 _aOxford book of English talks /
_cJames Sutherland.
_hTextual Documents
250 _a1 /
_b.
260 _aLondon :
_bOxford University Press ,
_c1961.
300 _a453 ; .
504 _a
942 _cBK
999 _c3527
_d3527